| Tag |
First Indicator |
Second Indicator |
Subfields |
| LEADER |
00000cam a2200000 4500 |
| 001 |
in00000060839 |
| 005 |
20151008051040.0 |
| 008 |
750402s1949 eng u |
| 010 |
|
|
|a 49050433
|
| 035 |
|
|
|a (OCoLC)01249951
|
| 035 |
|
|
|9 AAG5304AM
|
| 040 |
|
|
|c MDY
|d TXA
|d UtOrBLW
|
| 049 |
|
|
|a TXAM
|c [178279]
|
| 050 |
|
0 |
|a BF721
|b .D8 1949
|
| 082 |
0 |
|
|a 136.7
|
| 092 |
|
|
|a 136.7
|b D877c
|
| 100 |
1 |
|
|a Dukes, Ethel.
|
| 245 |
1 |
0 |
|a Children of today and tomorrow /
|c by Ethel Dukes and Margaret Hay. Pref. by David Mace.
|
| 264 |
|
1 |
|a New York :
|b Macmillan,
|c [1949]
|
| 300 |
|
|
|a ix, 249 pages ;
|c 23 cm.
|
| 336 |
|
|
|a text
|b txt
|2 rdacontent
|
| 337 |
|
|
|a unmediated
|b n
|2 rdamedia
|
| 338 |
|
|
|a volume
|b nc
|2 rdacarrier
|
| 504 |
|
|
|a "List of helpful books": pages 245-246.
|
| 650 |
|
0 |
|a Child development.
|
| 700 |
1 |
|
|a Hay, Margaret.
|
| 999 |
|
|
|a MARS
|
| 999 |
f |
f |
|s 5b020fa7-f15c-3e94-89ff-c7b600282208
|i 89207058-cf1d-3ae1-ad01-af88a420d6a1
|t 0
|
| 952 |
f |
f |
|p ric
|a Texas A&M University
|b Rellis Campus
|c Joint Library Facility
|d Remote Storage
|t 0
|e BF721 .D8 1949
|h Library of Congress classification
|i unmediated -- volume
|m A14800513709
|
| 998 |
f |
f |
|a BF721 .D8 1949
|t 0
|l Remote Storage
|